[Event "Modbury Championship"]
[Site "Modbury"]
[Date "1997.??.??"]
[Round "?"]
[White "Maaz, John"]
[Black "Madsen, John"]
[Result "0-1"]
[WhiteElo "1214"]
[BlackElo "1195"]
[Annotator "Fritz 5.32"]
[PlyCount "72"]
[EventDate "1997.??.??"]
[EventType "tourn"]
[EventRounds "11"]
[EventCountry "AUS"]

1. d4 d6 {Opening = B07 - Pirc-Ufimzew Verteidigung /Pirc Defence} 2. e4 e6 3.
Nf3 Nc6 $146 (3... Nd7 4. Bd3 Be7 5. O-O a6 6. c4 c5 7. Nc3 cxd4 8. Nxd4 Ne5 9.
Be2 Nf6 10. Be3 O-O 11. Rc1 Nc6 12. Qd2 Nxd4 13. Bxd4 e5 14. Be3 Bd7 15. Rfd1
Bc6 16. f3 Kh8 17. b4 h6 18. a3 {
Gensbaur,V-Damm,G/Bad Woerishofen 1992/EXT 92ch/1-0 (62)}) (3... h6 4. Nc3 Nd7
5. Be3 a6 6. Bc4 Be7 7. Qd2 Ngf6 8. e5 dxe5 9. dxe5 Nh7 10. O-O-O b5 11. Bb3 c5
12. a4 O-O 13. Ne4 c4 14. Ba2 Qc7 15. a5 b4 16. Nd4 Bb7 17. Nxe6 fxe6 18. Qxd7
{Hegedus,G-Zagar,M/Zalakaros op 1996/EXP 52/0-1 (37)}) (3... Be7 4. Bd3 Nf6 5.
O-O O-O 6. Re1 Nc6 7. Bf4 d5 8. e5 Ne8 9. c3 f6 10. exf6 Bxf6 11. Be5 Ne7 12.
Nbd2 c6 13. Nf1 Nf5 14. Qe2 Qe7 15. Bxf6 Qxf6 16. Ne5 g6 17. Nd2 Neg7 18. Ndf3
{Takemoto,N-Salazar,Y/Dubai olw 1986/TD 86\02/1/2-1/2 (45)}) (3... Nf6 4. Bd3
b6 5. c4 g6 6. Nc3 Be7 7. e5 dxe5 8. dxe5 Nfd7 9. Be4 c6 10. Nd4 Bb7 11. Qf3
Nxe5 12. Qd1 Nxc4 13. O-O Nd6 14. Bf3 Bf6 15. Nce2 O-O 16. Bh6 Bg7 17. Qc1 Bxh6
18. Qxh6 {Folkhard,W-Groh,E/Lauda Damen 1986/GER 04/1-0 (34)}) 4. c4 Bd7 5. Nc3
Qe7 6. d5 $14 {White gets more space} (6. Bg5 f6 7. Be3 Nd8 $16) 6... Ne5 7.
Nxe5 $11 (7. Be2 $5 $14) 7... dxe5 8. dxe6 Qxe6 9. Be2 Bc5 $11 (9... O-O-O 10.
Be3 $11) 10. O-O $15 (10. Qd5 $5 Qxd5 11. cxd5 $11) 10... h5 $11 (10... O-O-O
$5 $15 {is noteworthy}) 11. Nd5 $15 (11. Qd5 $5 Qxd5 12. cxd5 $11) 11... O-O-O
12. b4 $15 (12. Qb3 Bc6 $11) 12... Bd4 {Here comes the goal-getter} 13. Rb1 Nf6
$11 (13... Qg6 $5 14. Bf3 Bg4 $17) 14. Qc2 {White intends c5} c6 $14 (14...
Nxd5 $5 {should not be overlooked} 15. exd5 Qf6 $11) 15. Bg5 $11 (15. b5 $5 $14
{should be investigated more closely}) 15... Kb8 16. Ne3 g6 {Controls f5} 17.
Qb3 $17 (17. Rfd1 $142 $14 {and White could well hope to play on}) 17... Rc8
$11 (17... Nxe4 $142 $5 18. Bxd8 Nd2 $17 (18... Rxd8 $143 19. Rbd1 $14)) 18. c5
$4 $19 {gives the opponent new chances} (18. Qd3 $142 {
is just about the only chance} Nh7 19. Bh4 $11) 18... Nxe4 $17 (18... Qxb3 $142
{a shame that Black overlooked this excellent chance} 19. Rxb3 Nxe4 $19) 19.
Bc4 Qe8 20. Bxf7 $2 $19 (20. Nc2 $142 Nxg5 21. Nxd4 exd4 22. Qg3+ Ka8 23. Qxg5
$15) 20... Qf8 21. Nc4 (21. Bxg6 Nxg5 22. Qd3 Rg8 $19) 21... Qxf7 (21... Nxg5 {
and Black can already relax} 22. Nd6 $19) 22. Be3 (22. Nxe5 Bxf2+ $1 {
the final blow} 23. Kh1 $19) 22... Be6 23. Bxd4 (23. Rbc1 {doesn't do any good}
Rhf8 $19) 23... exd4 24. Rbc1 (24. Qc2 {is no salvation} Bxc4 25. Qxe4 Bxf1 26.
Rxf1 Rhd8 $19) 24... Nd2 $17 (24... Nc3 $142 {and Black wins} 25. Rxc3 dxc3 26.
Qxc3 Bxc4 $19) 25. Qg3+ Ka8 26. Nxd2 Bd5 $15 (26... h4 27. Qd3 h3 28. g3 $15)
27. Rfe1 h4 28. Qd3 Qf4 29. Ne4 $17 (29. Rcd1 $5 $15 {
is an interesting alternative}) 29... Rcf8 $15 (29... Rhf8 $5 $17) 30. Qxd4 $17
(30. Rc2 $5 $15 {has some apparent merit}) 30... Bxe4 $11 (30... h3 31. Qe3
Bxe4 32. Qxf4 Rxf4 $11) 31. Rcd1 $4 $19 {
hands over the advantage to the opponent} (31. Ra1 $142 $11 {was possible})
31... Bd5 $4 $16 {simply marches past the door to victory} (31... Bc2 $142 {
would have given Black the upper hand} 32. Qxf4 Rxf4 $19) 32. Qb2 $4 $19 {
ruins a very nice position} (32. Re8+ $142 $1 Rxe8 33. Qxf4 Bxa2 34. f3 $18)
32... a6 (32... h3 $142 $5 {might be the shorter path} 33. Qd4 Qxd4 34. Rxd4
hxg2 35. a4 $19) 33. a4 (33. Rd3 Rh5 $19) 33... h3 {Do you see the mate threat?
} 34. b5 (34. Qd4 {there is nothing better in the position} Rh4 35. Qxf4 Rhxf4
36. gxh3 Rxb4 37. Ra1 $19) 34... hxg2 {The mate threat is Qxh2} 35. f3 (35.
Re8+ {cannot undo what has already been done} Rxe8 36. Qxh8 Rxh8 37. h3 Rxh3
38. f3 Rh1+ 39. Kxg2 Qxf3#) 35... Qxh2+ 36. Kf2 g1=Q# 0-1

[Event "Modbury Championship"]
[Site "Modbury"]
[Date "1997.??.??"]
[Round "?"]
[White "Porlaje, Benjamin"]
[Black "Wellnitz, Gerhard"]
[Result "1-0"]
[WhiteElo "1270"]
[BlackElo "1069"]
[Annotator "Fritz 5.32"]
[PlyCount "63"]
[EventDate "1997.??.??"]
[EventType "tourn"]
[EventRounds "11"]
[EventCountry "AUS"]

1. d4 Nf6 {Opening = E00 - Katalanisch /Catalan} 2. c4 e6 3. Nc3 c5 4. e3 d5 5.
Nf3 Nbd7 6. Bd3 b6 $146 (6... dxc4 7. Bxc4 b5 8. Be2 Bb7 9. O-O Be7 10. a3 a5
11. e4 b4 12. axb4 axb4 13. Rxa8 Qxa8 14. e5 bxc3 15. exf6 {
1/2-1/2 Panchenko,A-Filipenko,A/RUS-sf Kazan 1995/EXP 49 (15)}) 7. O-O Be7 (
7... dxc4 8. Bxc4 Bb7 9. Qe2 $11) 8. Qc2 $15 (8. cxd5 exd5 9. Bb5 Bb7 $14) 8...
Bb7 $11 (8... dxc4 9. Bxc4 Bb7 10. Be2 $11) 9. cxd5 exd5 10. h3 {Covers g4} c4
{Black wins space} 11. Be2 a6 {Secures b5} 12. b3 Rc8 13. bxc4 dxc4 14. Nd2 (
14. a4 Bb4 $11) 14... b5 15. a3 {Consolidates b4} Nb6 16. Rb1 Nbd5 17. Nxc4 $2
$19 (17. Nxd5 $142 {and White is still in the game} Qxd5 18. Bf3 $15) 17...
Nxc3 $1 {an unpleasant surprise} 18. Qxc3 Ne4 $4 $14 {
letting the wind out of his own sails} (18... Be4 $142 {
the advantage is on the side of Black} 19. Bb2 bxc4 $19 (19... Rxc4 $6 20. Bxc4
Bxb1 21. Bxf7+ Kxf7 22. Rxb1 $17)) 19. Qb2 Qd5 $4 $18 (19... O-O $142 $14 {
would hold out}) 20. Nb6 Qc6 21. Nxc8 Nc3 (21... Qxc8 22. Bf3 Qe6 $18) 22. Bf3
Qxc8 23. Bxb7 Qxb7 24. Qxc3 O-O 25. Qd3 Re8 26. a4 b4 27. a5 Bd6 28. Rb3 (28.
Rd1 {keeps an even firmer grip} Rb8 $18) 28... Rc8 (28... Qd5 {
doesn't change the outcome of the game} 29. Bd2 Qxa5 30. Rfb1 $18) 29. Bd2 Qc6
(29... Qd5 {does not save the day} 30. Bxb4 Bxb4 31. Rxb4 Qxa5 32. Qc4 $18) 30.
Rbb1 (30. Bxb4 $5 {might be the shorter path} Bb8 $18) 30... Bb8 (30... Rb8 {
is not much help} 31. Rfc1 Qa8 32. Rc4 $18) 31. Rfc1 Qd7 32. Rxc8+ (32. Rxc8+
Qxc8 33. Rc1 $18) 1-0

[Event "Modbury Championship"]
[Site "Modbury"]
[Date "1997.??.??"]
[Round "?"]
[White "Gray, Graham"]
[Black "Wellnitz, Gerhard"]
[Result "1-0"]
[WhiteElo "1536"]
[BlackElo "1069"]
[Annotator "Fritz 5.32"]
[PlyCount "43"]
[EventDate "1997.??.??"]
[EventType "tourn"]
[EventRounds "11"]
[EventCountry "AUS"]

1. e4 e5 {Opening = C24 - Läuferspiel /Bishop's Opening} 2. Bc4 Nf6 3. d4 exd4
(3... Nxe4 4. dxe5 c6 5. Qe2 Nc5 6. Nc3 Be7 7. Bf4 Ne6 8. Bg3 c5 9. Nf3 Nc6 10.
O-O-O Qa5 11. Nb5 O-O 12. Nd6 Bxd6 13. exd6 b5 14. Bd5 Bb7 15. Qe4 Rae8 16.
Rhe1 c4 17. Ng5 g6 18. Bxe6 fxe6 19. Re3 Rf5 20. Ra3 {
1/2-1/2 Woeber,F-Grabher,H/AUT-chT 1996/EXP 52 (20)}) 4. e5 d5 5. Qxd4 $146 {
White is in command} (5. exd6 Bxd6 6. Qxd4 Bb4+ {
0-1 Hejny,B-Jerabek,P/CZE-ch 1993/TD 93\10 (6)}) 5... Nc6 $11 (5... dxc4 $5 {
is worth consideration} 6. Qxd8+ Kxd8 7. exf6 gxf6 $15) 6. Bb5 Qe7 7. Ne2 a6 $4
$18 {throwing away the advantage} (7... Nd7 $142 {would be a reprieve} 8. Bxc6
bxc6 $11) 8. Bxc6+ bxc6 9. exf6 gxf6 10. Qe3 Be6 11. Qc3 Bd7 12. Bg5 Bg7 13.
O-O Rg8 (13... Qxe2 $4 {Black's fate is sealed if he captures the knight} 14.
Re1 (14. Bxf6 $6 {is no comparison} Bxf6 15. Re1 Bxc3 16. Rxe2+ Kd8 17. Nxc3
Rb8 $14) 14... Qxe1+ 15. Qxe1+ Kf8 16. Qb4+ Kg8 17. Qb7 $18) 14. Bf4 f5 (14...
Qxe2 $4 {if Black takes the knight he will lose} 15. Re1 (15. Bxc7 $6 {
is the weaker alternative} Qb5 $14) 15... Qe6 16. Bxc7 $18) 15. Nd4 Kd8 (15...
c5 16. Re1 Be6 17. Nxe6 fxe6 $18) 16. Nxc6+ Bxc6 17. Qxc6 Rc8 (17... Rb8 {
is not the saving move} 18. Nc3 Bxc3 19. bxc3 $18) 18. Qxd5+ Ke8 19. Nc3 (19.
Nd2 $142 {seems even better} Rd8 20. Qa5 Rd6 21. Bxd6 cxd6 $18) 19... Rd8 (
19... Bxc3 {a last effort to resist the inevitable} 20. Qc6+ Kf8 21. Qxc3 Qe6
22. Bxc7 Rg6 $18) 20. Qxf5 (20. Qc6+ $142 {and White can celebrate victory} Kf8
21. Rfe1 Be5 22. Rxe5 Qd6 23. Bh6+ Rg7 24. Qxd6+ cxd6 $18) 20... Kf8 (20...
Bxc3 {hoping against hope} 21. bxc3 Rg6 $18) 21. Rfe1 {Threatening mate: Rxe7}
Qd7 22. Qc5+ (22. Qc5+ Qd6 $5 23. Rad1 $18) 1-0

[Event "Modbury Championship"]
[Site "Modbury"]
[Date "1997.??.??"]
[Round "?"]
[White "Chilman, Alan"]
[Black "Porlaje, Benjamin"]
[Result "1-0"]
[WhiteElo "1560"]
[BlackElo "1270"]
[Annotator "Fritz 5.32"]
[PlyCount "81"]
[EventDate "1997.??.??"]
[EventType "tourn"]
[EventRounds "11"]
[EventCountry "AUS"]

1. e4 c6 {Opening = B12_04 Caro-Kann Vert 3.e5 / Caro-Kann Def 3.e5} 2. d4 d5
3. e5 e6 (3... a6 4. Bd3 c5 5. c3 Nc6 6. Ne2 Bg4 7. f3 Bh5 8. Nf4 Bg6 9. e6
Bxd3 10. Qxd3 c4 11. Qf5 Nf6 12. O-O fxe6 13. Nxe6 Qd7 14. Bf4 Rc8 15. Re1 Nd8
16. Nd2 Rc6 17. Nxc4 Rxc4 18. Re2 g6 19. Nc7+ Kf7 20. Qxd7 Nxd7 21. Nxd5 e6 22.
Ne3 Rc8 23. Rd1 Bg7 24. Ng4 Re8 25. Nf2 Kg8 26. Ne4 Nf7 27. Bg3 b6 28. Rde1 Nf8
29. d5 e5 30. b3 Nd7 31. c4 b5 32. Rc2 bxc4 33. bxc4 Nb6 34. Rec1 Red8 35. Bf2
Na4 36. Rb1 Bf8 37. c5 Kg7 38. Rc4 Nxc5 39. Nxc5 Bxc5 40. Rxc5 Rxc5 41. Bxc5
Rxd5 42. Bb4 {1/2-1/2 Ferreira,A-Fernandes,A/POR-chT 1993/TD 93\10 (42)}) 4. f4
(4. Bd2 c5 5. c3 Nc6 6. Nf3 Bd7 7. Bd3 c4 8. Bc2 b5 {
1-0 Jianu,V-Nelson,J/Menorca 1996 (8)}) 4... Nd7 5. Nf3 Ne7 $146 (5... f6 6.
Bd3 fxe5 7. fxe5 Be7 8. O-O Nf8 9. Ng5 Bxg5 10. Qh5+ g6 11. Bxg5 gxh5 12. Bxd8
Ng6 13. Bg5 Bd7 14. Nc3 N8e7 15. Bxe7 Kxe7 16. Ne2 Rhf8 17. Rxf8 Rxf8 18. Rf1
Be8 19. Rxf8 Kxf8 20. Bxg6 {Grassi,E-Singh,A/Manila olm 1992/TD 92\02/1-0 (52)}
) 6. Bd3 a6 {Prevents intrusion on b5} 7. c3 c5 {
Black undermines the pawn chain} 8. Nbd2 Nc6 9. O-O $15 (9. dxc5 Nxc5 10. Bc2
Be7 $14) 9... Qb6 10. Qa4 Qa7 11. Kh1 {White gets in control} b5 12. Qc2 cxd4
13. Nb3 dxc3 14. Qxc3 (14. bxc3 Qc7 $17) 14... Qb6 15. Qe1 Bb7 $15 (15... Nc5
16. Nxc5 Bxc5 17. Qg3 $15) 16. Be3 Bc5 $14 {Black prepares d4} (16... Qc7 $142
$5 $15 {would keep Black alive}) 17. Nxc5 Nxc5 18. Be2 Rd8 $16 (18... d4 19.
Nxd4 Nxd4 20. Bxd4 $14) 19. b4 d4 20. bxc5 Qxc5 21. Bf2 Qd5 $2 $18 (21... Qc2
$142 $5 $16) 22. Bd3 O-O (22... Ne7 23. a4 $18) 23. Qe4 (23. Be4 Qd7 $18) 23...
Qxe4 24. Bxe4 d3 25. Rfd1 Ba8 (25... Na5 26. Bxd3 Bxf3 27. gxf3 $18) 26. Bc5
Rfe8 27. Bd6 $16 (27. Bxd3 $142 $5 Rd5 28. Rac1 $18) 27... f6 $2 $18 (27...
Nxe5 $142 $5 28. Bxh7+ Kxh7 29. fxe5 Bxf3 30. gxf3 Rc8 31. Rxd3 Rc2 $18) 28.
Bxd3 fxe5 29. fxe5 h6 (29... Bb7 30. Rac1 $18) 30. Bg6 Rc8 31. Bxe8 Rxe8 32.
Rac1 Na5 33. Rc7 Nc4 34. Kg1 Bd5 35. Nd4 Ne3 36. Rd2 Nc4 37. Rf2 Nxd6 (37...
Rd8 {does not win a prize} 38. Rff7 Nxd6 39. Rxg7+ Kf8 40. Rh7 $18) 38. exd6
Rd8 39. d7 Kh7 40. Re2 Bc4 41. Re1 (41. Re1 Bxa2 42. Nc6 Rxd7 43. Rxd7 $18) 1-0

[Event "Modbury Championship"]
[Site "Modbury"]
[Date "1997.??.??"]
[Round "?"]
[White "Madsen, John"]
[Black "Gaviola, Cecil"]
[Result "0-1"]
[WhiteElo "1195"]
[BlackElo "1498"]
[Annotator "Fritz 5.32"]
[PlyCount "92"]
[EventDate "1997.??.??"]
[EventType "tourn"]
[EventRounds "11"]
[EventCountry "AUS"]

1. e4 c5 {
Opening = B50 - Sizilianisch-Verschiedenes mit 2...d6 /Sicilian-Various 2...d6}
2. Nf3 d6 3. Bc4 Nc6 4. Ng5 $146 (4. c3 a6 (4... Nf6 5. Qe2 (5. d3 Bg4 6. Qb3
Na5 7. Bxf7+ Kd7 8. Qa4+ Nc6 9. Bd5 Bxf3 10. gxf3 e6 11. Bxc6+ bxc6 12. Be3 Be7
13. Nd2 Qc7 14. a3 a5 15. Ke2 Rhb8 16. Rab1 Nh5 17. Rhg1 g6 18. f4 Rf8 19. f5
exf5 {Kirschner,P-Schumacher,M/Kehl HT3 1989/GER 04/0-1 (52)}) 5... Bg4 6. h3
Bxf3 7. Qxf3 g6 8. O-O Bg7 9. Bb3 O-O 10. Qe2 a6 11. d3 b5 12. f4 Qb6 13. Be3
Rac8 14. g4 Na5 15. Nd2 Qc6 16. Bc2 Nd7 17. Rac1 e5 18. f5 gxf5 19. Rxf5 {
Porubszky  Angyalosine,M-Gocheva,R/Hajduszoboszlo ztW 1991/TD 92\07/0-1 (63)})
5. Qb3 e6 6. Be2 b5 7. d4 c4 8. Qc2 Nge7 9. Bf4 h6 10. e5 Ng6 11. Qe4 d5 12.
Qe3 Nce7 13. Qc1 Nf5 14. Bg3 Be7 15. Qc2 a5 16. a3 a4 17. Nbd2 h5 18. h4 Bxh4 {
Niephaus,F-Moritz,C/Bruchkoebel DT 1993/GER 03/1-0 (72)}) (4. d3 e6 5. Bg5 Nf6
6. Nc3 Be7 7. Bxf6 Bxf6 8. h3 O-O 9. O-O Nd4 10. Nxd4 Bxd4 11. Rb1 b6 12. Nb5
Bf6 13. c3 a6 14. Na3 Bb7 15. Nc2 Qc7 16. Ne3 Rad8 17. a3 d5 18. exd5 exd5 19.
Bb3 d4 20. cxd4 Bxd4 21. Nf5 Rfe8 22. Re1 Qc6 23. Rxe8+ Rxe8 24. Nxd4 Qxg2# {
0-1 Monteiro,S-Tompa,N/EU-chJW U12 Herculane 1994/TD 94\01 (24)}) 4... e6 {
Consolidates d5} 5. h4 h6 6. Nf3 a6 $11 {Controls b5} (6... d5 7. exd5 exd5 8.
Bb5 $15) 7. Nc3 b5 8. Be2 Nf6 9. d3 b4 {This push gains space} 10. Na4 Be7 11.
b3 (11. a3 bxa3 12. b3 Bb7 $11) 11... O-O 12. Bb2 e5 13. Bc1 Bb7 14. Bf1 Qc7
15. Ng5 $17 {White should quickly conclude development.} (15. c4 $5 $15) 15...
Bc8 ({Inferior is} 15... hxg5 16. hxg5 g6 17. gxf6 Bxf6 18. Qf3 $16) 16. Bd2
Bg4 (16... hxg5 $6 17. hxg5 Ng4 18. Be2 Nxf2 19. Kxf2 $11) 17. Be2 $19 (17. Nf3
$142 $5 $17) 17... Bxe2 $1 {Black has managed to stay ahead} (17... hxg5 $6 18.
Bxg4 Nxg4 19. Qxg4 $11) 18. Qxe2 Nd4 (18... hxg5 19. hxg5 Nd4 20. Qd1 Nxe4 21.
Qh5 Nxc2+ 22. Kd1 Nxf2+ 23. Ke2 Nxh1 24. Rxh1 Nd4+ 25. Kd1 f5 26. g6 Nxb3 27.
Qh8#) 19. Qd1 Rab8 $15 (19... d5 $5 $17) 20. c3 Ne6 21. Nxe6 fxe6 22. cxb4 cxb4
23. Rc1 Qa7 24. Be3 Qb7 25. f3 {Secures g4} d5 26. Bc5 $15 (26. Nc5 Bxc5 27.
Bxc5 Rfc8 $11) 26... Nh5 27. Bf2 Qb5 {Black launches an attack} 28. Nb2 Nf4 $15
(28... Rbc8 29. O-O $17) 29. Rh2 dxe4 30. g3 $2 $19 (30. fxe4 $142 {
would allow White to play on} Rbd8 31. Rc4 $15) 30... Nxd3+ 31. Nxd3 exd3 32.
Be3 (32. Rc4 Qd5 33. Re4 Rf6 $19) 32... Qd5 33. Rf2 Rf7 34. Rc4 (34. Kd2 Rbf8
$19) 34... Rbf8 35. f4 exf4 {Threatening mate... how?} 36. Rd4 (36. Rcxf4 {
praying for a miracle} Rxf4 37. Rxf4 Rxf4 38. gxf4 Bxh4+ 39. Kd2 $19) 36...
Qh1+ (36... fxe3 $5 {makes it even easier for Black} 37. Rxd5 exf2+ 38. Kf1
exd5 39. Qxd3 $19) 37. Rf1 Qg2 {Do you see the mate threat?} 38. Bxf4 e5 39.
Rxd3 (39. Qxd3 {otherwise it's curtains at once} exd4 40. Rf2 Qh1+ 41. Rf1 $19)
39... exf4 (39... Rxf4 $142 {nails it down} 40. Rxf4 Rxf4 $19) 40. Rdf3 (40.
Qe2 {no good, but what else?} Qxe2+ 41. Kxe2 $19) 40... fxg3 (40... Bxh4 $142 {
makes sure everything is clear} 41. Qe2 Re7 42. Qxe7 Bxe7 43. R1f2 Qg1+ 44. Rf1
$19) 41. Qd5 (41. Rxf7 {the last chance for counterplay} Qe4+ 42. Qe2 Qb1+ 43.
Qd1 Qxd1+ 44. Kxd1 Rxf7 45. Ke2 $19) 41... Bf6 (41... Qxf3 $6 {
is a bad alternative} 42. Rxf3 Bxh4 43. Kf1 $19) (41... Qxf1+ $6 {
is a weaker possibility} 42. Kxf1 Bxh4 43. Kg2 $17) 42. Rf5 (42. Kd1 {
is still a small chance} Rc8 43. Qd2 $19) 42... Re8+ $1 {an ugly check} 43. Kd1
(43. Re5 {a fruitless try to alter the course of the game} Rxe5+ 44. Qxe5 Bxe5
45. Rf3 Rxf3 46. a3 Rf1#) 43... Qxf1+ $19 (43... Qe2+ 44. Kc1 Qb2+ 45. Kd1 Qb1+
46. Kd2 Bc3#) 44. Rxf1 Rd8 45. Qxd8+ Bxd8 46. h5 (46. Ke2 $19 {
the only chance to get some counterplay}) 46... Rxf1+ (46... Rxf1+ 47. Ke2 g2
48. Kd3 g1=Q 49. Kc4 Rd1 50. Kxb4 Qd4+ 51. Ka3 Be7+ 52. b4 Qxb4#) 0-1

[Event "Modbury Championship"]
[Site "Modbury"]
[Date "1997.??.??"]
[Round "?"]
[White "Vuglar, Shanon"]
[Black "Maaz, John"]
[Result "1-0"]
[WhiteElo "1101"]
[BlackElo "1214"]
[Annotator "Fritz 5.32"]
[PlyCount "113"]
[EventDate "1997.??.??"]
[EventType "tourn"]
[EventRounds "11"]
[EventCountry "AUS"]

1. e4 e5 {Opening = C54_03 Italianische Partie 5.d4 / Italian Opening 5.d4} 2.
Nf3 Nc6 3. Bc4 Bc5 4. c3 Nf6 5. d4 exd4 6. cxd4 Bb4+ 7. Nc3 O-O 8. Bg5 (8. e5
Ne4 9. Qc2 d5 10. Bd3 f5 11. O-O Be7 12. Nxd5 Nb4 13. Nxb4 Bxb4 14. Qb3+ Kh8
15. Qxb4 {1-0 Bjornsson,T-Juni,B/Gausdal AC 1990/TD 90\05 (15)}) 8... d6 (8...
Re8 9. e5 d6 10. Qe2 Bg4 11. Rd1 dxe5 12. dxe5 Bxf3 13. Bxf7+ Kxf7 14. Qc4+ Bd5
15. Rxd5 Nxe5 16. Rd7+ Kf8 17. Qxb4+ c5 18. Qxc5+ Kg8 19. Rxd8 Nd3+ 20. Kd2
Nxc5 21. Rxa8 Rxa8 22. Bxf6 gxf6 23. Re1 {
Fortin,M-Rivar,M/WchJM-U10 St.Lorenzo 1995/JUN 95/1-0 (44)}) 9. O-O h6 $16 (
9... Re8 10. Nd5 Rxe4 11. Bxf6 gxf6 12. Nxb4 Nxb4 13. Qb3 d5 14. Qxb4 dxc4 15.
Qxc4 Bg4 16. Qc3 Rf4 17. Nh4 Rxd4 18. Qg3 Qd6 19. f4 Qc5 20. Qxg4+ Kh8 21. Kh1
Qc2 22. Nf5 {1-0 Andrade,J-Carvalho,C/WchJM-U10 Bratislava 1993/TD 93\05 (22)})
(9... Bxc3 $5 {looks like a viable alternative} 10. bxc3 h6 11. Bxf6 Qxf6 $11)
10. Bh4 $11 (10. Bxf6 $142 $5 Qxf6 11. Nd5 $16) 10... Na5 $16 (10... g5 $142 $5
{is worthy of consideration} 11. Nxg5 hxg5 12. Bxg5 Bxc3 13. bxc3 Kg7 $11) 11.
Bd3 $14 (11. Bxf6 gxf6 12. Bd3 f5 $16) 11... Be6 $16 (11... g5 $5 12. Bg3 Re8
$14) 12. e5 dxe5 13. dxe5 (13. Nxe5 $6 Nc6 (13... Qxd4 $4 {
Black will not be able to digest the pawn} 14. Bh7+ Nxh7 15. Qxd4 $18) 14. Nxc6
bxc6 $14) 13... g5 14. Nxg5 hxg5 15. Bxg5 (15. exf6 $5 Qxf6 (15... gxh4 $4 {
taking the bishop will lose the game} 16. Bh7+ Kh8 17. Qh5 Qd1 18. Rfxd1 Rfc8
19. Bf5+ Kg8 20. Qh7+ Kf8 21. Qh8#) 16. Qh5 Bf5 $18) 15... Bc4 16. Bxc4 Qxd1
17. Raxd1 Nh7 18. Bh6 Rfe8 $2 $18 (18... Bxc3 $142 {and Black has air to breath
} 19. bxc3 Nxc4 20. Bxf8 Nxf8 $14) 19. Bd5 (19. Rd4 $5 Bxc3 20. bxc3 Nxc4 21.
Rxc4 Re6 22. Rg4+ Kh8 23. Bg7+ Kg8 $18) 19... c6 20. Be4 Nc4 (20... Rxe5 $142
$5 21. Bd3 Rae8 $18) 21. a3 (21. Rd3 $5 Nf8 22. f4 Nxb2 23. Rg3+ Ng6 24. Bxg6
Bc5+ 25. Kh1 fxg6 $18) 21... Bxc3 22. bxc3 Nxe5 23. Rfe1 Ng4 24. Bf4 Ngf6 25.
Bf3 Rad8 26. Rxe8+ Rxe8 27. Bh6 Nd5 28. Bxd5 cxd5 29. Kf1 Nf6 30. f3 Kh7 31.
Bg5 Kg6 32. Bxf6 Kxf6 33. Rxd5 Ke6 (33... Rc8 34. Rd6+ Kg7 35. Rd3 $16) 34. Rd1
(34. Rd4 f5 $18) 34... Rc8 35. Rc1 b5 36. g4 Kf6 37. h4 Kg6 38. Ke2 Re8+ 39.
Kd3 f5 40. c4 Rd8+ 41. Ke3 fxg4 42. fxg4 Rc8 43. c5 {
The passed pawn on c5 quickly leads to threats} Kf6 (43... a5 44. c6 $18) 44.
Kd4 Ke6 (44... a5 {does not save the day} 45. c6 b4 46. axb4 axb4 47. Kc5 $18)
45. c6 Rd8+ (45... a6 {cannot undo what has already been done} 46. h5 $18) 46.
Ke4 (46. Kc5 $142 $5 {and White can already relax} Rc8 $18) 46... Re8 (46... a5
{is not much help} 47. c7 Rc8 48. h5 $18) 47. c7 Kd7+ 48. Kd5 (48. Kf5 {
makes it even easier for White} Rf8+ 49. Ke5 Kc8 $18) 48... Kc8 49. Kc6 Re5 (
49... Re4 {there is nothing better in the position} 50. h5 Rxg4 51. Kxb5 Rh4
$18) 50. Rd1 {Threatening mate... how?} Re6+ 51. Rd6 {Threatening mate: Rxe6}
Rxd6+ 52. Kxd6 {The mate threat is Kc6} a5 (52... b4 {cannot change destiny}
53. g5 bxa3 54. g6 Kb7 55. g7 Kb6 56. g8=Q Ka5 57. c8=Q a6 58. Qd5+ Kb4 59.
Qcc4#) 53. Kc5 $18 (53. Kc6 b4 54. g5 bxa3 55. g6 a2 56. g7 a1=Q 57. g8=Q#)
53... b4 54. axb4 {Threatening mate: Kc6} a4 (54... axb4 {
is still a small chance} 55. Kxb4 Kxc7 $18) 55. Kc4 $18 (55. Kc6 a3 56. b5 a2
57. b6 a1=Q 58. b7#) 55... Kxc7 56. h5 a3 57. Kb3 (57. Kb3 Kd6 58. h6 $18) 1-0